Cutting edge; Elementary; Student's Book
Saved in:
| Main Author: | |
|---|---|
| Format: | Book |
| Language: | Undetermined |
| Published: |
England
Longman
2001
|
| Subjects: | |
| Tags: |
Add Tag
No Tags, Be the first to tag this record!
|
| Institutions: | Trung tâm Học liệu Trường Đại học Cần Thơ |
|---|
| LEADER | 00557nam a2200205Ia 4500 | ||
|---|---|---|---|
| 001 | CTU_65350 | ||
| 008 | 210402s9999 xx 000 0 und d | ||
| 020 | |b 175000 | ||
| 082 | |a 428.34 | ||
| 082 | |b M819se | ||
| 100 | |a Srah Cunningham | ||
| 245 | 0 | |a Cutting edge; Elementary; Student's Book | |
| 245 | 0 | |c Sarah Cunningham, Peter Moor | |
| 260 | |a England | ||
| 260 | |b Longman | ||
| 260 | |c 2001 | ||
| 650 | |a english language | ||
| 650 | |x texbooks for foreign speakers | ||
| 904 | |i Năm | ||
| 980 | |a Trung tâm Học liệu Trường Đại học Cần Thơ | ||